01232nam a2200241 a 450000100100000000500170001000800410002704000250006808200170009310000280011024501380013825000110027626000470028730000380033450001620037250000980053450000430063250000410067504900090071695201210072595201270084699900170097300002462720200930023257.0110201s2004 mx ac r 000 0 spa d aDO-SdBNPbspacBNPHU axxxxxbR459m1 aReynaga, Rubén95050210aMétodo de alimentación multidimensional (Metalim) :bel peso ideal y la salud óptima siempre van de la mano /cRubén Reynaga. a2a ed. aMéxico, D. F. :bventa Universal,c2004. a300 p. :bil., retrs. ;c21.5 cm. aEn la portada: el único sistema que ha sido probado en millones de personas en docenas de países desde los años setentas con resultados impresionantes. aEn la cubierta: Cómo bajar de peso en 25 días y sin dejar de comer y sin hacer ejercicio. aIncluye notas al pie de las páginas. aIncluye bibliografía p. [295-300]. aBNGR 001054708MOaGRbGRcCTd2011-02-01iLF1l0oxxxxx R459mp24627-10r2020-06-25w2020-06-25y4ZPréstamo en sala 001054728MOaGRbGRcCTd2011-02-01iLF1l0oxxxxx R459mp24627-20r2020-06-25te. 2w2020-06-25y4ZPréstamo en sala c24120d24120